000 00628nam a2200217Ii 4500
003 JO-AjNU
008 230606s9999||||xx |||||||||||||| ||und||
020 _a81-203-2964-3
040 _aJO-AjNU
_beng
_erda
_cJO-AjNU
041 _aeng
050 1 4 _aHD69.2006
100 3 _aCHITALE,A.K/R.C.GUPTA,
_eauthor
_91272
245 0 0 _aMATERIALS MANAGEMENT Text and Cases
250 _a2 ed
264 3 1 _aNew Delhi:Prentice Hall of India Private Limited,2006
300 _a392p
336 _atext
_btxt
_2rdacontent
337 _aunmediated
_bn
_2rdamedia
338 _avolume
_bnc
_2rdacarrier
650 4 _aMATERIALS MANAGEMENT
_91273
999 _aE670
_c670
_d670